Riconosci il Pokémon - Quiz n°158 - Statistics

Statistiche generali
  • Questo quiz è stato fatto 2 volte
  • Il punteggio medio è 6 su 10
Statistiche sulle risposte
Indizio Risposta % Corretto
Stadio evoluzione Base
100%
Tipo Fuoco; Ghiaccio (Alola)
100%
Altezza 0,6 m
50%
Tasso di cattura 190 (35.2%)
50%
Sesso 25% ♂, 75% ♀
50%
Peso 9,9 kg
50%
Abilità Fuocardore; Siccità; Mantelneve (Alola); Scendineve (Alola)
50%
Tasso di allevamento Medio-Veloce
50%
Generazione Prima
50%
Pokémon Vulpix
50%
Nessun quiz corrispondente trovato
Distribuzione punteggi
Percentuale di utenti per punteggio
Percentile per numero di risposta
I tuoi punteggi nel tempo
Non hai fatto questo quiz